Premiers of Victoria - Statistics

General Stats
  • This quiz has been taken 13 times
  • The average score is 13 of 68
Answer Stats
Party Term Name % Correct
Labor 2014-2023 Daniel Andrews
100%
Labor 2023- Jacinta Allan
89%
Liberal 1992-1999 Jeff Kennett
78%
Country 1924-1927 John Allan
78%
Liberal 2013-2014 Denis Napthine
67%
Labor 1943 John Cain
67%
Labor 1945-1947 John Cain
67%
Labor 1952-1955 John Cain
67%
Labor 1982-1990 John Cain Jr.
67%
Labor 1999-2007 Steve Bracks
67%
Labor 1990-1992 Joan Kirner
56%
Labor 2007-2010 John Brumby
56%
Liberal 1972-1981 Rupert Hamer
56%
Liberal 2010-2013 Ted Baillieu
56%
Liberal 1955-1972 Henry Bolte
44%
Liberal 1981-1982 Lindsay Thompson
44%
Country 1935-1943 Albert Dunstan
11%
Country 1943-1945 Albert Dunstan
11%
Independent 1901-1902 Alexander Peacock
11%
Liberal 1914-1917 Alexander Peacock
11%
Nationalist 1924 Alexander Peacock
11%
Labor 1927-1928 Edmond Hogan
11%
Labor 1929-1932 Edmond Hogan
11%
Labor 1913 George Elmslie
11%
Independent 1874-1875 George Kerford
11%
Labor 1924 George Prendergast
11%
Liberal 1945 Ian Macfarlan
11%
Country 1950-1952 John McDonald
11%
Country 1952 John McDonald
11%
Independent 1857 John O'Shanassy
11%
Independent 1858-1859 John O'Shanassy
11%
Independent 1961-1863 John O'Shanassy
11%
United Australia 1932-1935 Stanley Argyle
11%
Reform 1904-1909 Thomas Bent
11%
Liberal 1947-1950 Thomas Hollway
11%
Liberal 1952 Thomas Hollway
11%
Independent 1855-1857 William Haines
11%
Independent 1857-1858 William Haines
11%
Independent 1899-1900 Allan McLean
0%
Independent 1881-1883 Bryan O'Loghlen
0%
Independent 1871-1872 Charles Duffy
0%
Independent 1868 Charles Sladen
0%
Independent 1886-1890 Duncan Gillies
0%
Protectionist 1894-1899 George Turner
0%
Independent 1900-1901 George Turner
0%
Independent 1875 Graham Berry
0%
Independent 1877-1880 Graham Berry
0%
Independent 1880-1881 Graham Berry
0%
Nationalist 1918-1924 Harry Lawson
0%
Independent 1872-1874 James Francis
0%
Independent 1863-1868 James McCulloch
0%
Independent 1868-1869 James McCulloch
0%
Independent 1870-1871 James McCulloch
0%
Independent 1875-1877 James McCulloch
0%
Independent 1890-1892 James Munro
0%
Independent 1893-1894 James Patterson
0%
Independent 1880 James Service
0%
Independent 1883-1886 James Service
0%
Nationalist 1917-1918 John Bowser
0%
Independent 1869-1870 John MacPherson
0%
Liberal 1909-1912 John Murray
0%
Independent 1860-1861 Richard Heales
0%
Reform 1902-1904 William Irvine
0%
Nationalist 1928-1929 William McPherson
0%
Independent 1859-1860 William Nicholson
0%
Independent 1892-1893 William Shiels
0%
Liberal 1912-1913 William Watt
0%
Liberal 1913-1914 William Watt
0%
No matching quizzes found
Score Distribution
Percent of People with Each Score
Percentile by Number Answered
Your Score History
You have not taken this quiz